Súčasný stav a tendencie podnikov chemického priemyslu v čase dekarbonizácie a koronakrízy

Saved in:
Bibliographic Details
Main Author: Moravčíková, Elena, 1967-
Other Authors: Hyránek, Eduard, 1955-
Format: Book Chapter
Language:Slovak
Tags: Add Tag
No Tags, Be the first to tag this record!

MARC

LEADER 00000naa$a2200000$$$4500
001 0281304
005 20240502074356.7
041 0 |a slo 
044 |a SK 
245 1 0 |a Súčasný stav a tendencie podnikov chemického priemyslu v čase dekarbonizácie a koronakrízy  |c Elena Moravčíková, Eduard Hyránek 
100 1 |a Moravčíková, Elena, 1967- 
700 1 |a Hyránek, Eduard, 1955-